000 00318nam a22001337a 4500
008 170911b xxu||||| |||| 00| 0 eng d
020 _a9780471152255
041 _aeng
080 _24 ED
_a91
100 _a91
101 _aGEO
245 _aEXPLOITATION CONSERVATION PRESERVATION
_cCUTTER.S.L
942 _2udc
_cBK
999 _c26974
_d26974